Normal view
MARC view
Entry Personal Name
001 - CONTROL NUMBER
- control field: 34701
003 - CONTROL NUMBER IDENTIFIER
- control field: ARRUPE
005 - DATE AND TIME OF LATEST TRANSACTION
- control field: 20170810120054.0
008 - FIXED-LENGTH DATA ELEMENTS
- fixed length control field: 170810|| aca||aabn | a|a d
040 ## - CATALOGING SOURCE
- Original cataloging agency: ARRUPE
- Transcribing agency: ARRUPE
100 ## - HEADING--PERSONAL NAME
- Personal name: Hogarth, Jonathan
670 ## - SOURCE DATA FOUND
- Source citation: Work cat.: (ARRUPE): Hogarth, Jonathan, Theological Education in Context, 1983